000 00664cam a2200241 4500
008 090401t1997 xxu||||| |||| 00| 0 eng d
020 _a1860811515
035 _a(Sirsi) u82741
041 _aeng
050 _a690
110 _aBuilding Research Establishment
245 _aRepairing flood damage : ground floors and basements.
260 _aLondon
_bCRC Ltd.
_c1997
300 _a4p. : ill. ; 30cm.
350 _a0
490 _aBRE Good Repair Guide
_v11 part 2
650 _aBASEMENTS
650 _aBUILDING REPAIRS
650 _aFLOOD DAMAGE
690 _aBUILDING AND CONSTRUCTION-REPAIRS AND MAINTENANCE
942 _n0
948 _c17/12/1997
999 _c96825
_d96825